Current Issues in Electric and Electronic Equipment Energy Labelling

Účel smerníc EÚ (ELD a ED) ohľadom stratégie úspory energií. Smernica Ecodesign (životný cyklus produktu). Porovnanie výrobných materiálov a metód výroby so smernicami.

Saved in:
Bibliographic Details
Main Author: Knošková, Ľubica, 1965-
Other Authors: Dudeková, Alena, 1986-
Format: Book Chapter
Language:English
Subjects:
Tags: Add Tag
No Tags, Be the first to tag this record!

MARC

LEADER 00000naa$a2200000$$$4500
001 0193186
005 20240502083448.3
041 0 |a eng 
044 |a PL 
245 1 0 |a Current Issues in Electric and Electronic Equipment Energy Labelling  |c Ľubica Knošková, Alena Dudeková 
520 |a Účel smerníc EÚ (ELD a ED) ohľadom stratégie úspory energií. Smernica Ecodesign (životný cyklus produktu). Porovnanie výrobných materiálov a metód výroby so smernicami. 
610 2 0 |a prostredie životné 
610 2 0 |a normy technické 
610 2 0 |a elektronika 
610 2 0 |a spotreba energie 
610 2 0 |a úspory energie 
610 2 0 |a smernice 
610 2 0 |a emisie 
610 2 0 |a cyklus výrobku životný 
610 2 0 |a výroba materiálová 
100 1 |a Knošková, Ľubica, 1965- 
700 1 |a Dudeková, Alena, 1986-